000 01037nam a2200253 a 4500
001 39847
003 BD-RjUL
005 20211209053055.0
008 160419r20131967 a|||e |||| 001 0 d
020 _a9848164124
_c: TK.240.00
035 _a(BD-RjUL)39961
040 _aBD-RjUL
_bben
_cBD-RjUL
041 _aben
082 _223
_a410
_bHAD 2013
100 _aহাই, মুহম্মদ আবদুল
_9118481
245 1 0 _aধ্বনিবিজ্ঞান ও বাংলা ধ্বনিতত্ত্ব /
_cমুহম্মদ আবদুল হাই
250 _a২য় সং.
260 _aঢাকা :
_bমল্লিক ব্রাদার্স,
_c১৯৬৭ [মুদ্রণ ২০১৩]
300 _a[২০], ৩৩৬ পৃ. :
_bচিত্র ;
_c২৪ সেমি.
504 _aগ্রন্থপঞ্জি ও নির্ঘণ্ট সংযুক্ত
650 _aধ্বনিতত্ত্ব
_9122758
650 _aLinguistics
_9122759
942 _2ddc
_cBK
999 _c39847
_d39847